Geography Quiz

Random Geography or City Quiz

Blitz: Is it in Italy? Quiz Stats

 Plays Quiz Updated Jun 29, 2015

Challenge
Share
Tweet
Embed
Score 0/50 Timer 01:00
12 Plays Today
City (Y)es or (N)o? % Correct
Milan???
84.2%
Rome???
84.1%
Zurich???
84%
Florence???
83.9%
Verona???
83.9%
Paris???
83.6%
Naples???
83.5%
Ljubljana???
83.5%
Strasbourg???
83.5%
Athens???
83.5%
Venice???
83.3%
Palermo???
83.1%
Bordeaux???
83%
Lyon???
82.3%
Parma???
81.9%
Montpellier???
81.6%
Marseille???
81.6%
Salerno???
81.1%
Bologna???
80.7%
Linz???
80.4%
Reims???
80.4%
Toulouse???
80.3%
Lille???
80.2%
Angers???
80%
Turin???
79.6%
City (Y)es or (N)o? % Correct
Genoa???
79.5%
Nice???
79.2%
Cagliari???
79.2%
Rennes???
79%
Reggio Calabria???
78.9%
Basel???
78.2%
Grenoble???
77.9%
Livorno???
77.7%
Foggia???
77.4%
Modena???
76.8%
Graz???
76.5%
Toulon???
76.4%
Vienna???
76.3%
Nantes???
74.4%
Brescia???
73.4%
Messina???
73.2%
Padua???
72.5%
Taranto???
70.8%
Geneva???
69.9%
Catania???
67.9%
Patras???
66.5%
Bari???
66.5%
Trieste???
65.1%
Prato???
59.2%
Larissa???
49.5%

You're not logged in!

Compare scores with friends on all Sporcle quizzes.
Join for Free
OR
Log In

You Might Also Like...

Show Comments

Extras

Top Quizzes Today


Score Distribution

Your Account Isn't Verified!

In order to create a playlist on Sporcle, you need to verify the email address you used during registration. Go to your Sporcle Settings to finish the process.

Report this User

Report this user for behavior that violates our Community Guidelines.

Details: